01373nam a2200361 c 450000100060000000300100000600500170001600700030003300800410003602000180007704000350009504100080013008200240013808200220016210000410018424500970022525000220032226400490034430000800039333600270047333700330050033800280053350000480056150400380060952100410064754500550068865000280074365000350077165000410080694200120084799900170085995201350087659730CO-BoRNBP20251030162438.0ta221028s20152017sp ado er 001 0dspa d a9788491048916 aCO-BoRNBPbspaerdacCO-BoRNBP0 aspa04a575.10724bA91c22204a599.935bA91c2221 aAyala, Francisco,d1906-eaut96646511a¿Clonar humanos? :bingeniería genética y futuro de la humanidad /cFrancisco J. Ayala. aPrimera edición 1aMadrid, España :bAlianza Editorial,c2017 a174 páginas :bilustraciones, gráficas, fotografías en blanco y negro atextobtxt2rdacontent asin mediaciónbn2rdamedia avolumenbnc2rdacarrier aIncluye índice analítico y onomástico aBibliografía: páginas 163-174 aRecomendado para un público adulto aIncluye datos biográficos del autor en la solapa07aClonación2lemb9848607aGenética humana2lemb96223407aIngeniería genética2lemb966466 2ddccBK c59730d59730 00102ddc40708GENaMEMAPJGAbMEMAPJGAcGENd2025-10-30l0o575.10724 A91cpMPJG00773r2025-10-30 16:24:59tEj.1w2025-10-30yBK